Statistics for Countries with the Most Most Densely Populated Islands

Click here to take the quiz!

General Stats

  • This quiz has been taken 62 times
  • The average score is 10 of 13

Answer Stats

NumberAnswer% Correct
14Indonesia
98%
14United States
96%
7France
94%
4Canada
92%
12China
92%
7Italy
90%
39Philippines
90%
4Norway
73%
9Sweden
73%
4Finland
71%
4Taiwan
50%
7Maldives
48%
28Panama
17%

Score Distribution

Percentile by Number Answered

Percent of People with Each Score

Your Score History

You have not taken this quiz